| 000 | 00783nam a22001817a 4500 | ||
|---|---|---|---|
| 999 |
_c61434 _d61434 |
||
| 005 | 20240313121427.0 | ||
| 008 | 240313s1982 ru ||||| |||| 00| 0 rus d | ||
| 041 | _arus | ||
| 080 | _a94(395) Д-58 | ||
| 100 |
_aДоватур, А. И. _921410 |
||
| 245 |
_aНароды нашей страны в "Истории" Геродота : _bТексты. Перевод. Комментарий / _cА.И. Доватур, Д.П. Каллистов, И.А. Шишова. |
||
| 264 |
_aМосква : _b Наука, _c1982. |
||
| 300 |
_a454 с. ; _b22 см. |
||
| 653 | _aძველი სამყაროს ისტორია | ||
| 700 |
_aКаллистов, Д. П. _eავტორი _921411 |
||
| 700 |
_aШишова, И. А. _eავტორი _921412 |
||
| 942 |
_2udc _cBK |
||